Statistics for Atlanta Falcons Head Coaches

Click here to take the quiz!

General Stats

  • This quiz has been taken 41 times
  • The average score is 9 of 19

Answer Stats

HintAnswer% Correct
Atlanta Falcons2021-presentArthur Smith
94%
Atlanta Falcons2008-2014Mike Smith
94%
Atlanta Falcons2015-2020Dan Quinn
85%
Atlanta Falcons1997-2003Dan Reeves
74%
Atlanta Falcons2007Bobby Petrino
56%
Atlanta Falcons2004-2006Jim L. Mora
56%
Atlanta Falcons1990-1993Jerry Glanville
50%
Atlanta Falcons1994-1996June Jones
47%
Atlanta Falcons2020Raheem Morris
47%
Atlanta Falcons1974-1976Marion Campbell
44%
Atlanta Falcons1987-1989Marion Campbell
44%
Atlanta Falcons2007*Emmitt Thomas
35%
Atlanta Falcons1977-1982Leeman Bennett
35%
Atlanta Falcons1968-1974Norm Van Brocklin
35%
Atlanta Falcons2003Wade Phillips
32%
Atlanta Falcons1983-1986Dan Henning
26%
Atlanta Falcons1966-1968Norb Hecker
26%
Atlanta Falcons1989Jim Hanifan
24%
Atlanta Falcons1976Pat Peppler
21%

Score Distribution

Percentile by Number Answered

Percent of People with Each Score

Your Score History

You have not taken this quiz